Beteiligung und Gegenseitigkeit: zum Verhältnis von Recht und Moral
| Autor principal: | |
|---|---|
| Tipo de documento: | Print Artículo |
| Lenguaje: | Alemán |
| Publicado: |
1995
|
| En: |
Heidelberger Jahrbücher
Año: 1995, Volumen: 39, Páginas: 25-40 |
| Disponibilidad en Tübingen: | Disponible en Tübingen. IFK: 8298 |
| Verificar disponibilidad: | HBZ Gateway |
| Palabras clave: |
MARC
| LEADER | 00000caa a22000002c 4500 | ||
|---|---|---|---|
| 001 | 163936451X | ||
| 003 | DE-627 | ||
| 005 | 20251208224627.0 | ||
| 007 | tu | ||
| 008 | 160223s1995 xx ||||| 00| ||ger c | ||
| 035 | |a (DE-627)163936451X | ||
| 035 | |a (DE-576)455846529 | ||
| 035 | |a (DE-599)BSZ455846529 | ||
| 035 | |a (OCoLC)1559699865 | ||
| 040 | |a DE-627 |b ger |c DE-627 |e rakwb | ||
| 041 | |a ger | ||
| 100 | 1 | |a Hampe, Michael |d 1961- |0 (DE-588)112511511 |0 (DE-627)516837230 |0 (DE-576)289733847 |4 aut | |
| 109 | |a Hampe, Michael 1961- |a Champe, Michaėlʹ 1961- | ||
| 245 | 1 | 0 | |a Beteiligung und Gegenseitigkeit |b zum Verhältnis von Recht und Moral |c Michael Hampe |
| 264 | 1 | |c 1995 | |
| 300 | |a 16 | ||
| 336 | |a Text |b txt |2 rdacontent | ||
| 337 | |a ohne Hilfsmittel zu benutzen |b n |2 rdamedia | ||
| 338 | |a Band |b nc |2 rdacarrier | ||
| 773 | 0 | 8 | |i In |t Heidelberger Jahrbücher |d Heidelberg : Ges. der Freunde Univ. Heidelberg e.V., 1957 |g 39(1995), Seite 25-40 |w (DE-627)129076007 |w (DE-600)2700-5 |w (DE-576)014408368 |x 0073-1641 |7 nnas |
| 773 | 1 | 8 | |g volume:39 |g year:1995 |g pages:25-40 |g extent:16 |
| 935 | |a mkri | ||
| 951 | |a AR | ||
| ELC | |b 1 | ||
| LOK | |0 000 xxxxxcx a22 zn 4500 | ||
| LOK | |0 001 3299885693 | ||
| LOK | |0 003 DE-627 | ||
| LOK | |0 004 163936451X | ||
| LOK | |0 005 20160223095307 | ||
| LOK | |0 008 160208||||||||||||||||ger||||||| | ||
| LOK | |0 040 |a DE-21-110 |c DE-627 |d DE-21-110 | ||
| LOK | |0 689 |a s |a Recht | ||
| LOK | |0 689 |a s |a Moral | ||
| LOK | |0 689 |a s |a Gegenseitigkeitsprinzip | ||
| LOK | |0 852 |a DE-21-110 | ||
| LOK | |0 852 1 |c 8298 |m p |9 00 | ||
| LOK | |0 935 |a k110 | ||
| LOK | |0 938 |k p | ||
| LOK | |0 939 |a 08-02-16 |b l01 | ||
| ORI | |a SA-MARC-krimdoka001.raw | ||
| SIG | |a IFK: 8298 | ||
